die first - Nessa Barrett - Statistics

General Stats
  • This quiz has been taken 180 times
  • The average score is 267 of 314
Answer Stats
Hint Answer % Correct
Chorus I
99%
You
99%
you
99%
a
98%
die
98%
first
98%
hope
97%
ever
95%
live
95%
me
95%
without
95%
don't
94%
how
94%
How
94%
wanna
94%
if
91%
If
91%
So
90%
so
90%
the
90%
or
89%
to
89%
in
87%
In
87%
love
87%
be
86%
can
86%
learn
86%
what
86%
one
85%
But
84%
Cause
84%
dies
84%
fall
84%
forever
84%
that
84%
asleep
83%
no
83%
Pre chorus Someone
83%
someone
83%
hurt
82%
of
82%
Tell
82%
wanted
82%
1 Verse | 2 Verse You're
82%
all
81%
And
81%
and
81%
gets
81%
my
81%
I'm
80%
us
80%
worse
79%
what's
78%
break
77%
is
77%
Losing
76%
by
74%
curse
74%
later?
74%
now
74%
come
72%
head
72%
end
71%
thoughts
71%
inside
70%
only
70%
this
70%
haunted
69%
Maybe
69%
gonna
68%
I've
68%
matter
68%
say
68%
There's
68%
two
66%
ways
66%
can't
64%
Bridge Can't
64%
that's
63%
fire
62%
promise
59%
safety
59%
never
56%
afraid
53%
make
52%
mean
52%
why
52%
stay
49%
you'll
48%
leaving
47%
it
46%
someday
46%
everybody's
41%
escape
38%
works
36%
You'd
21%
No matching quizzes found
Score Distribution
Percent of People with Each Score
Percentile by Number Answered
Your Score History
You have not taken this quiz